Statistiques concernant Mass Effect : Commando

Cliquez ici pour prendre le quiz!

Statistiques générales

  • Ce quiz a été pris 99 fois
    (91 depuis la dernière actualisation)
  • Le résultat moyen est 16 sur 26

Statistiques - réponses

RacesRéponses% Correct
TurienGarrus Vakarian
96%
GethLegion
94%
AsariLiara T'Soni
92%
HumainsAshley Williams
90%
KroganGrunt
89%
KroganUrdnot Wrex
89%
HumainsMiranda Lawson
87%
I.A.IDA
82%
HumainsKaidan Alenko
82%
AsariSamara
80%
GalarienMordin Solus
79%
DrellThane Krios
77%
HumainsJacob Taylor
70%
AsariMorinth
59%
ProthéenJavik
56%
HumainsJack
54%
HumainsKasumi Goto
49%
HumainsJames Vega
42%
AsariPeebee
42%
HumainsCora Harper
39%
AngaraJaal Ama Darav
31%
HumainsLiam Costa
31%
TurienVetra Nyx
28%
KroganNakmor Drack
25%
HumainsZaeed Massani
24%
HumainsRichard Jenkins
21%

Distribution des résultats

Percentile par nombre de réponses

% des personnes avec chaque résultat

Votre développement - résultats

Vous n’avez pas pris ce quiz depuis la dernière actualisation